000
00361nam a22001457a 4500
008
230228b |||||||| |||| 00| 0 eng d
020
_a
978-0-143-45223-2
082
_a
813.54
100
_a
Divya Anand
245
_a
Written in the Stars
260
_b
Ebury Press,
_c
2021
300
_a
332 p.
_c
20 cm
942
_2
ddc
999
_c
9358
_d
9359